000 00584nam a22001817a 4500
005 20251108164815.0
008 250721s1986 xx 000 0 ara d
082 1 4 _a616.15/عما
100 1 _aبشارة، عماد
245 1 0 _aإرتفاع الضغط الشرياني في 132سؤالا و جوابا /
264 1 _aدمشق :
_bدار طلاس للدراسات و الترجمةو النشر،
_c1986.
300 _a184ص
650 1 7 _aالجهاز الدموي
650 1 7 _aأمراض الدم
650 1 7 _aفرط ضغط الدم
942 _2ddc
_cBK
999 _c14846
_d14846